| 000 | 01652cam a22004574i 4500 | ||
|---|---|---|---|
| 003 | PE-LiUPU | ||
| 005 | 20250731172745.0 | ||
| 008 | 150617s r 000 0 d | ||
| 035 | _a(Sirsi) a12240 | ||
| 040 |
_aPE-LiUPU _bspa _cPE-LiUPU _erda |
||
| 049 | _aPRUA | ||
| 082 | 0 | 4 |
_a230 _bB86 _221 |
| 100 | 1 |
_aBuil, Nicolas M., _eautor. |
|
| 245 | 1 | 0 |
_aTeologia dogmatica : _bLos Dogmas del Credo. _n1 / _cNicolas M. Buil. |
| 264 | 1 |
_aBuenos Aires : _bEditora Cultural, _c1944. |
|
| 300 |
_a254 páginas ; _c17 cm. |
||
| 336 |
_atext _2rdacontent |
||
| 337 |
_aunmediated _2rdamedia |
||
| 338 |
_avolume _2rdacarrier |
||
| 490 | 0 |
_aColeccion de Espiritualidad Cristiana ; _v26 |
|
| 505 | 0 | _aLa fe Católica -- "Creo en Dios" -- "Padre todopoderoso" -- "..Criador del Cielo y de La Tierra" -- "Creo en Jesucristo su Unico Hijo, Nuestro Señor" -- "Que fue concevido por obra y gracia del Espíritu Santo". | |
| 526 | _aSEG42 | ||
| 526 | _aSEG41 | ||
| 526 | _aSEG40 | ||
| 526 | _aSEG39 | ||
| 526 | _aP94 | ||
| 526 | _aP87 | ||
| 526 | _aP86 | ||
| 526 | _aP85 | ||
| 526 | _aP77 | ||
| 526 | _aP76 | ||
| 526 | _aP35 | ||
| 650 | 0 | 4 |
_aCredo _xDogmas. |
| 910 |
_ajck _bjvq _cjck _d20150616 |
||
| 942 |
_2ddc _cBOOK |
||
| 949 |
_a230 B86 1 _wDEWEY _c1 _i11180 _lCCODEBUL1 _mBUL _p00.00 _r0 _sY _tBOOK _u2015-04-21 _xTEOLOGIA _PP35 _0COMPRA _o.STAFF. Colección general |
||
| 994 |
_aC0 _bPEPRU |
||
| 596 | _a1 | ||
| 999 |
_a230 B86 1 _wDEWEY _c2477 _i11180 _f2021-11-9 _g5 _lCCODEBUL1 _mBUL _r0 _sY _tBOOK _u2015-4-21 _xTEOLOGIA _PP35 _0COMPRA _o.STAFF. Colección general _d2477 |
||
| 980 |
_81 _gALBERTO SANCHEZ Responsable de Automatización |
||